Gisela Weimann : Zůstane můj stín = Mein Schatten bleibt : 30 04-03 08 2014 /

Hlavní autor: Weimann, Gisela, 1943-
Korporativní autor: Dům umění města Brna
Další autoři: Petišková, Tereza, 1966-
Jazyk: Němčina
Čeština
Vydáno: Brno : Dům umění města Brna, 2014
Témata:
Fyzický popis: [8] s. : il. ; 21 cm
Language note: Souběžný německý text
Knihy
Uloženo v:
LEADER 01689nam a2200469 a 4500
001 nkc20142592480
003 CZ PrNK
005 20140626064456.0
007 ta
008 140528s2014 xr a e c 000 0 cze
020 |q (Skládanka) 
040 |a BOA001  |b cze 
041 1 |a cze  |a ger  |h cze 
043 |a e-gx--- 
045 |a y-y- 
072 7 |a 7.01/.09  |x Umění  |2 Konspekt  |9 21 
080 |a 7.038.53  |2 MRF 
080 |a 72/76(430)  |2 MRF 
080 |a 7.036/.038  |2 MRF 
080 |a (430)  |2 MRF 
080 |a (083.824)  |2 MRF 
100 1 |a Weimann, Gisela,  |d 1943-  |7 mzk2014823896  |4 art 
245 1 0 |a Gisela Weimann :  |b Zůstane můj stín = Mein Schatten bleibt : 30 04-03 08 2014 /  |c [text Terezie Petišková] 
246 3 0 |a Zůstane můj stín 
246 3 0 |a Mein Schatten bleibt 
260 |a Brno :  |b Dům umění města Brna,  |c 2014 
300 |a [8] s. :  |b il. ;  |c 21 cm 
500 |a Katalog k výstavě konané v Domě umění města Brna 
546 |a Souběžný německý text 
600 1 7 |a Weimann, Gisela,  |d 1943-  |7 mzk2014823896  |2 czenas 
648 7 |a 21. století  |7 ch460559  |2 czenas 
650 0 7 |a multimediální umění  |7 ph136779  |z Německo  |y 21. století  |2 czenas 
650 0 7 |a německé výtvarné umění  |7 ph123525  |y 21. století  |2 czenas 
650 0 7 |a moderní umění  |7 ph115340  |z Německo  |2 czenas 
655 7 |a katalogy výstav  |7 fd132536  |2 czenas 
700 1 |a Petišková, Tereza,  |d 1966-  |7 mzk2004221737  |4 wfw 
710 2 |a Dům umění města Brna  |7 ko2002101743 
910 2 |a BOA001  |b 2-1328.210 
990 |a BK 
995 |a 61 
991 |b 201406  |c NOV  |e n 
996 6 |b 2610593382  |c 2-1328.210  |l MZK  |r Sklad / do 1 hodiny  |n 0  |p p.v.  |w 001427310  |u 000010  |a 1  |e BOA001  |j MZK50  |s P